| 000 | 00723nam a22001817a 4500 | ||
|---|---|---|---|
| 999 |
_c58359 _d58359 |
||
| 003 | Ge_BSU | ||
| 005 | 20221010153210.0 | ||
| 008 | 211125s2001 ge ||||| |||| 00| 0 geo d | ||
| 041 | _ageo | ||
| 080 | _a1(075.8) კ-44 | ||
| 100 |
_aკვარაცხელია, ნაპო _913041 |
||
| 245 |
_aადამიანი და მსოფლმხედველობა / _cნაპო კვარაცხელია; რედ: ზ. ხასაია. |
||
| 264 |
_aსოხუმი : _bმეცნიერება, _c2001. |
||
| 300 |
_a127 გვ.; _b19 სმ. |
||
| 653 | _aფილოსოფია | ||
| 700 |
_aხასაია, ზ. _eრედაქტორი _913042 |
||
| 942 |
_2udc _cBK |
||